000 00404nam a2200169Ia 4500
005 20240823023534.0
008 240823s9999||||xx |||||||||||||| ||und||
082 _A621.388 04 N1
100 _aGulati R R
245 0 _aMonochrome and Colour Television
250 _a1st
260 _c1991
_b"Wiley,New Delhi"
500 _aYES
650 _aTelevision
_bElectronics
942 _cBK
999 _c181781
_d181781